书目信息 |
| 题名: |
高中生物学总复习精要
|
|
| 作者: | 夏焦兵 主编 | |
| 分册: | ||
| 出版信息: | 合肥 中国科学技术大学出版社 2020.9 |
|
| 页数: | 472页 | |
| 开本: | 26cm | |
| 丛书名: | ||
| 单 册: | ||
| 中图分类: | G634.915 | |
| 科图分类: | ||
| 主题词: | 生物课--高中--习题集--升学参考资料 | |
| 电子资源: | ||
| ISBN: | 978-7-312-05064-0 | |
| 000 | 00903nam0 2200241 45 | |
| 001 | 012001001332 | |
| 005 | 20140913144430.0 | |
| 010 | @a978-7-312-05064-0@dCNY88.00 | |
| 100 | @a20201030d2020 em y0chiy50 ea | |
| 101 | 0 | @achi |
| 102 | @aCN@b340000 | |
| 105 | @ay q 000yy | |
| 106 | @ar | |
| 200 | 1 | @a高中生物学总复习精要@Agao zhong sheng wu xue zong fu xi jing yao@f夏焦兵主编 |
| 210 | @a合肥@c中国科学技术大学出版社@d2020.9 | |
| 215 | @a472页@d26cm | |
| 314 | @a夏焦兵,安徽师范大学生物教育硕士,安徽省宣城市第二中学高级教师。 | |
| 330 | @a本书精选各地历年高考试题,围绕章节主题精心安排试题顺序,着力推动学生复习巩固、深化理解、开拓视野和优化思维;精心撰写了多数试题的答案分析,请读者仔细研读、学习。 | |
| 606 | 0 | @a生物课@x高中@j习题集@j升学参考资料 |
| 690 | @aG634.915@v5 | |
| 701 | 0 | @a夏焦兵@Axia jiao bing@4主编 |
| 801 | 0 | @aCN@bBJSDL@c20211011 |
| 905 | @b1333967-71@dG634.915@e2398@f5 | |
| 高中生物学总复习精要/夏焦兵主编.-合肥:中国科学技术大学出版社,2020.9 |
| 472页;26cm |
| ISBN 978-7-312-05064-0:CNY88.00 |
| 本书精选各地历年高考试题,围绕章节主题精心安排试题顺序,着力推动学生复习巩固、深化理解、开拓视野和优化思维;精心撰写了多数试题的答案分析,请读者仔细研读、学习。 |
| ● |
| 相关链接 |
|
|
|
|
正题名:高中生物学总复习精要
索取号:G634.915/2398
 
预约/预借
| 序号 | 登录号 | 条形码 | 馆藏地/架位号 | 状态 | 备注 |
| 1 | 1333967 | 213339671 | 第一样本阅览室/ [索取号:G634.915/2398] | 在馆 | |
| 2 | 1333968 | 213339680 | 第四借阅区/ [索取号:G634.915/2398] | 在馆 | |
| 3 | 1333969 | 213339699 | 第四借阅区/ [索取号:G634.915/2398] | 在馆 | |
| 4 | 1333970 | 213339706 | 第四借阅区/ [索取号:G634.915/2398] | 在馆 | |
| 5 | 1333971 | 213339715 | 第四借阅区/ [索取号:G634.915/2398] | 在馆 |